000 00724nam a2200217 4500
001 112430
003 ES-MaACL
005 20230906185528.0
007 t|
008 061121s1977 sp r ||||1| spa d
020 _a84-7199-067-9
080 _a75:929(460.31)"19"
100 1 _aMuñoz Ibáñez, Manuel.
_984435
245 1 3 _aLa pintura contemporánea del país valenciano, 1900-1977 /
_cManuel Muñoz Ibáñez.
260 _aValencia :
_bPrometeo,
_c1977.
300 _a336 p., [8] h. de lám. ;
_c20 cm.
504 _aBibliografía: p. 327-336.
650 4 _aPintura-
_zComunidad Valenciana-
_yS.XX.
_9173536
650 4 _aPintores-
_zComunidad Valenciana-
_yS.XX-
_xBiografías.
_9173535
852 _aES-MaACL
_jA-7630
999 _c112430
_d112430